Normal view
MARC view
- reynolds richard
Entry Personal Name
001 - CONTROL NUMBER
- control field: 88712
003 - CONTROL NUMBER IDENTIFIER
- control field: NUST
005 - DATE AND TIME OF LATEST TRANSACTION
- control field: 20220202102743.0
008 - FIXED-LENGTH DATA ELEMENTS
- fixed length control field: 220202|| aca||aabn | a|a d
040 ## - CATALOGING SOURCE
- Original cataloging agency: NUST
- Transcribing agency: NUST
100 ## - HEADING--PERSONAL NAME
- Personal name: reynolds richard
670 ## - SOURCE DATA FOUND
- Source citation: Work cat.: (NUST): reynolds richard, unit operations and processes in environmental engineering, 1996
